000 00293nam a22001097a 4500
999 _c158280
_d158280
082 _a
_b
100 _aRamachandran Pillai T G
245 _aSahithyapunaravalokanam/
_cby Ramachandran Pillai T G.
260 _aThiruvanathapuram:
_bKerala Bhasha Institute,
_c1985.
650 _a
942 _cBK